On the shoulders of giants: The history of science from the ancient Greeks to the scientific revolution (Record no. 114549)
[ view plain ]
| 000 -LEADER | |
|---|---|
| fixed length control field | 00634nam a2200157Ia 4500 |
| 008 - FIXED-LENGTH DATA ELEMENTS--GENERAL INFORMATION | |
| fixed length control field | 210210b2000 xxu||||| |||| 00| 0 eng d |
| 020 ## - INTERNATIONAL STANDARD BOOK NUMBER | |
| International Standard Book Number | 81 7371 194 1 |
| 082 ## - DEWEY DECIMAL CLASSIFICATION NUMBER | |
| Classification number | 509 SPAO |
| 100 ## - MAIN ENTRY--PERSONAL NAME | |
| Personal name | SPANGENBURG (Ray) & MOSER (Diane K). |
| 245 ## - TITLE STATEMENT | |
| Title | On the shoulders of giants: The history of science from the ancient Greeks to the scientific revolution |
| 260 ## - PUBLICATION, DISTRIBUTION, ETC. | |
| Place of publication, distribution, etc. | Hyderabad |
| Name of publisher, distributor, etc. | Universities Press |
| Date of publication, distribution, etc. | 2000 |
| 300 ## - PHYSICAL DESCRIPTION | |
| Extent | ix,166 |
| 650 ## - SUBJECT ADDED ENTRY--TOPICAL TERM | |
| Topical term or geographic name entry element | Ancient Greeks Scientific Revolution Aristotle Copernicus Kepler Galileo Newton Vesalius Fabricius Paracelsus Harvey Blood Circulation Diversity Life |
| 690 ## - LOCAL SUBJECT ADDED ENTRY--TOPICAL TERM (OCLC, RLIN) | |
| Topical term or geographic name as entry element | Science History |
| 906 ## - LOCAL DATA ELEMENT F, LDF (RLIN) | |
| a | SG03751 |
| Withdrawn status | Lost status | Damaged status | Not for loan | Collection code | Home library | Current library | Shelving location | Date acquired | Source of acquisition | Cost, normal purchase price | Total Checkouts | Full call number | Barcode | Date last seen | Price effective from | Koha item type |
|---|---|---|---|---|---|---|---|---|---|---|---|---|---|---|---|---|
| St Aloysius Library | St Aloysius Library | 02/17/2021 | Sita Book House, Mangalore. | 0.00 | 509 SPAO | SG03751 | 02/17/2021 | 02/17/2021 | Special Grants |